Falling In Reverse - Popular Monster - Statistics

General Stats
  • This quiz has been taken 23 times
  • The average score is 6 of 11
Answer Stats
Popular Monster (2024) % Correct
Popular Monster
94%
Ronald (feat. Tech N9ne & Alex Terrible)
71%
Watch the World Burn
71%
Bad Guy
65%
Voices in My Head
59%
ZOMBIFIED
59%
Prequel
53%
All My Life (feat. Jelly roll)
47%
Last Resort (Reimagined)
47%
NO FEAR
35%
Trigger Warning
35%
No matching quizzes found
Score Distribution
Percent of People with Each Score
Percentile by Number Answered
Your Score History
You have not taken this quiz